000 00793 a2200205 4500
010 _aENG-85436
020 _c120.00
035 _aEN-68969
037 _bD.B.Act / Pub
082 0 0 _a347.03502643
090 _c3069
_d3069
100 1 _aSuryanarayana, R. V.
245 1 0 _aSupreme court judgments on disciplinary proceedings
_cby R. V. Suryanarayana
260 _aBangalore
_bParsam Institute of Statutory Rules
_c2005
270 _a38/1, R.V. Road, Basavanagudi, Bangalore-560004
_bBangalore
_cKarnataka
_e560004
_minfo@parsaminstitute.com
_k080-51205574
_l080-26573951
300 _av. 1 (xvi, 88 p.)
_c21 cm. (Pbk)
650 0 _aDisciplinary proceedings
942 _adpl
_cEN
_k347.03502643 / SUR
999 _c3008
_d3008